Comparative study of financial performance of Indian companies backed by and not backed by private equities (Record no. 393592)

MARC details
000 -LEADER
fixed length control field 00530nam a22001817a 4500
005 - DATE & TIME
control field 20251016154903.0
008 - FIXED-LENGTH DATA ELEMENTS--GENERAL INFORMATION
fixed length control field 251016b |||||||| |||| 00| 0 eng d
040 ## - CATALOGING SOURCE
Original cataloging agency VIVEKANANDA LIBRARY
082 ## - DDC NUMBER
Classification number 381
Book Number S14C
100 ## - MAIN ENTRY--PERSONAL NAME
Personal name Sachin
245 ## - TITLE STATEMENT
Title Comparative study of financial performance of Indian companies backed by and not backed by private equities
260 ## - PUBLICATION, DISTRIBUTION, ETC. (IMPRINT)
Name of publisher, distributor, etc Department of Commerce, M D University, Rohtak
Date of publication, distribution, etc 2025
300 ## - PHYSICAL DESCRIPTION
Pages xvii, 173
650 ## - Subject
Subject Commerce
700 ## - Added Entry Personal Name
Added Entry Personal Name Shakti Singh
700 ## - Added Entry Personal Name
Added Entry Personal Name Sanjiv Kumar
942 ## - ADDED ENTRY ELEMENTS (KOHA)
Koha item type Thesis
Holdings
Withdrawn status Lost status Source of classification or shelving scheme Damaged status Not for loan Location (home branch) Sublocation or collection (holding branch) Shelving location Date acquired Koha issues (times borrowed) Koha full call number Accession No. Koha date last seen Copy number Koha item type
    Dewey Decimal Classification     VIVEKANANDA LIBRARY VIVEKANANDA LIBRARY Vivekananda Library 16/10/2025   381 S14C 411138 16/10/2025 R Thesis
© Designed and Maintained by Vivekananda Library, MDU Rohtak